|
|
|
|
| LEADER |
02159nam a2200373 a 4500 |
| 001 |
18992 |
| 003 |
BD-DhAAL |
| 008 |
090812s2005 bg b 000 0 eng |
| 010 |
|
|
|a 2005386060
|
| 020 |
|
|
|a 9840517449
|
| 040 |
|
|
|a DLC
|c DLC
|d BD-DhAAL
|
| 082 |
0 |
0 |
|a 362.1095492
|2 22
|
| 245 |
0 |
0 |
|a Learning to reach health for all :
|b thirty years of instructive experience at BRAC /
|c edited by Jon E. Rohde.
|
| 260 |
|
|
|a Dhaka :
|b University Press,
|c 2005.
|
| 300 |
|
|
|a xx, 220 pages ;
|c 22 cm.
|
| 504 |
|
|
|a Includes bibliographical references (pages [185]-194).
|
| 520 |
|
|
|a Contributed articles.
|
| 541 |
1 |
|
|e 18992
|
| 610 |
2 |
0 |
|a BRAC
|
| 650 |
|
0 |
|a Rural health
|z Bangladesh.
|
| 650 |
|
0 |
|a Rural health services
|x Utilization
|z Bangladesh.
|9 54699
|
| 650 |
|
0 |
|a Health surveys
|z Bangladesh.
|
| 700 |
1 |
|
|a Rohde, Jon E.
|9 54700
|
| 710 |
2 |
|
|a BRAC.
|
| 852 |
4 |
|
|a Ayesha Abed Library
|c General Stacks
|
| 942 |
|
|
|2 ddc
|c BK
|
| 999 |
|
|
|c 3064
|d 3064
|
| 952 |
|
|
|0 0
|1 0
|2 ddc
|4 0
|6 362_100000000000000_095492_LEA_2005
|7 0
|9 2777
|a BIGD
|b BIGD
|c GEN
|d 2009-08-30
|l 0
|o 362.1095492 LEA
|p 3050018992
|r 2009-08-30
|t 1
|w 2009-08-30
|y BK
|x Transferred from BDI to BIGD.
|
| 952 |
|
|
|0 0
|1 0
|2 ddc
|4 0
|6 362_109549200000000_LEA_2005
|7 0
|9 3909
|a BRACUL
|b BRACUL
|c GEN
|d 2009-10-06
|g 255.00
|l 1
|m 1
|o 362.1095492 LEA
|p 3010016481
|r 2024-02-07
|s 2024-02-01
|t 2
|v 510.00
|w 2009-10-06
|y BK
|
| 952 |
|
|
|0 0
|1 0
|2 ddc
|4 0
|6 362_109549200000000_LEA_2005
|7 0
|9 19913
|a JPGSPH
|b JPGSPH
|c GEN
|d 2012-04-05
|l 0
|o 362.1095492 LEA
|p 3060024921
|r 2012-04-05
|t 3
|w 2012-04-05
|y BK
|
| 952 |
|
|
|0 0
|1 0
|2 ddc
|4 0
|6 362_100000000000000_095492_LEA
|7 0
|9 20187
|a JPGSPH
|b JPGSPH
|c GEN
|d 2012-05-16
|g 350.00
|l 0
|o 362.1095492 LEA
|p 3060025213
|r 2012-05-16
|t 4
|w 2012-05-16
|y BK
|
| 952 |
|
|
|0 0
|1 0
|2 ddc
|4 0
|6 362_109549200000000_LEA
|7 0
|9 20496
|a JPGSPH
|b JPGSPH
|c GEN
|d 2012-06-14
|l 0
|o 362.1095492 LEA
|p 3060025383
|r 2012-06-14
|t 5
|w 2012-06-14
|y BK
|
| 952 |
|
|
|0 0
|1 0
|2 ddc
|4 0
|6 362_100000000000000_095492_LEA
|7 0
|9 43119
|a SCL
|b SCL
|c GEN
|d 2005-04-12
|g 350.00
|l 0
|o 362.1095492 LEA
|p 3020005415
|r 2014-07-14
|t 6
|w 2014-07-14
|y BK
|
| 952 |
|
|
|0 0
|1 0
|2 ddc
|4 0
|6 362_100000000000000_095492_LEA
|7 0
|9 43584
|a SCL
|b SCL
|c GEN
|d 2005-04-12
|g 350.00
|l 0
|o 362.1095492 LEA
|p 3020005414
|r 2014-08-31
|t 7
|w 2014-08-31
|y BK
|